000 00666nam a2200181 i 4500
001 59614
003 ES-MaACL
005 20230906164051.0
007 t|
008 031030s1982 sp ||||1| spa d
100 1 _aElvira Martín, Luis M.
_947127
245 1 0 _aComportamiento al fuego de materiales y estructuras /
_cLuis M. Elvira Martín ; Francisco J. Jiménez Peris.
260 _aMadrid :
_bInstituto Nacional de Investigaciones Agrarias,
_c1982.
300 _a285 p., 17 lám. ;
_c24 cm.
700 1 _aJiménez Peris, Francisco J.
_966588
710 2 _aInstituto Nacional de Investigaciones Agrarias (España)
_95168
852 _aES-MaACL
_jL-3824
_bR.104563
999 _c59614
_d59614